000 01294nam a2200313 i 4500
003 DO-SdBNP
005 20240318115811.0
007 ta
008 240318s2023 dr ao 001 0dspa d
020 _a9789945615777
040 _aDO-SdBNP
_bspa
_cBNPHU
_erda
082 4 _bS228
_222
100 _aSanó Testamarck, Tzuzzy Tahyling
_962270
245 1 0 _aguía de concientización :
_bcuidado infinito /
_cTzuzzy Tahyling Sanó Testamarck, Dania Margarita Carmona De León, Nataly Evangelista Rodríguez Zapata, Elizabeth Estrella Muñoz, Yesenia Caraballo Del Rosario
264 _aSanto Domingo :
_bFe y Alegría,
_bCuidado Infinito,
_c2023.
300 _a80 páginas
_bilustraciones, fotografías
_c28 cm.
336 _2rdacontent
_atexto
_btxt
337 _2rdamedia
_asin mediación
_bn
338 _2rdacarrier
_avolumen
_bnc
500 _aCampaña Cuidado Infinito. Educar sin límites en una cultura de paz.
504 _aBibliografía p: 77-78
590 _aInventariado, 2024/ YL
700 1 _aCarmona De León, Dania Margarita
_eautora
_918786
700 1 _a Rodríguez Zapata, Nataly Evangelista
_eautora
_985058
700 1 _aEstrella Muñoz, Elizabeth
_eautora
_985059
700 1 _aCaraballo Del Rosario, Yesenia
_eautora
_985060
910 _aYLockward
942 _2ddc
_cLBS1
999 _c56138
_d56138